| 000 | 00436pam a2200169 a 4500 | ||
|---|---|---|---|
| 020 | _c | ||
| 041 | _h | ||
| 082 |
_a004.68 _bLIN / CHL |
||
| 100 | _aLIN Y. AND CHLAMTAC. | ||
| 245 |
_aWIRELESS AND MOBILE NETWORK ARCHITECTURES/ _hTextual Documents |
||
| 250 | _a20-08-2003. | ||
| 260 | _bJOHN WILEY and SONS | ||
| 300 | _aXXII/532 | ||
| 500 | _a6181 | ||
| 653 | _aADV. COMPUTER ARCHITECTURE and COMPUTING (B.E.-II | ||
| 930 | _a5775 | ||
| 999 |
_c49000 _d49000 |
||